00418nam a2200157Ia 4500003000400000005001700004008004100021020001800062040000900080082002000089100001700109245005000126260006000176300000900236650001500245OSt20201228102738.0190216s9999||||xx |||||||||||||| ||und|| a9788182645035 coclc a894.8129bRAD/P aRadhalakshmi 0aPadmarajan :bEnte Gandharvan /cRadhalakshmi bMathrubhumi Printing And Publishing,aKozhikode:c2007. a167p aOormakurip